000
00308nam a2200157Ia 4500
100
_a
Handel/R/ Huber
250
_a
2
942
_c
BK
654
_a
Computer
245
_a
ATM Networks
260
_b
ADDISON WESLEY
_c
1999
082
_a
4.6
_b
HAN/HUB
300
_a
327
546
_a
ENGLISH
999
_c
22913
_d
22913